Visualizzazione normale
Vista MARC
- Monfasani, John,
di Personal Name
Records bibliografici associati: 1
001 - CONTROL NUMBER
- control field: 6756
003 - CONTROL NUMBER IDENTIFIER
- control field: IT-RoINE
005 - DATE AND TIME OF LATEST TRANSACTION
- control field: 20140428124748.0
008 - FIXED-LENGTH DATA ELEMENTS
- fixed length control field: 140428|| aca||aabn | a|a d
040 ## - CATALOGING SOURCE
- Original cataloging agency: IT-RoINE
- Transcribing agency: IT-RoINE
100 ## - HEADING--PERSONAL NAME
- Personal name: Monfasani, John,
- Dates associated with a name: 1943-
670 ## - SOURCE DATA FOUND
- Source citation: Work cat.: (IT-RoINE)0: Monfasani, John, 1943-, Fernando of Cordova :, 1992.